000 00605nam a2200241Ia 4500
003 OSt
005 20221005132634.0
006 a|||||r|||| 00| 0
007 ta
008 221004b |||||||| |||| 00| 0 tam d
024 _a51261
037 _cTextual
040 _aCRL
_cCRL
_btam
041 _2tam
_atam
082 _aO31,6NTHA,4, K7
100 _aThamizhvanan
245 0 _aUngal pirachnaigalai neengale thirkalam
260 _c1967
300 _a80p.
_ccm.
650 _aTAMIL PROSE
942 _hO31,6NTHA,4, K7
_cTEXL
_2cc
999 _c1064297
_d1064297